Liedtext: Herbert Grönemeyer - Lache, wenn es nicht zum Weinen reicht - Statistiken

Allgemein
  • Dieses Quiz wurde 4 mal gespielt
  • Das Durchschnittsergebnis liegt bei 130 aus 289
Antwortstatistiken
Textquiz % Korrekt
Das
100%
das
100%
den
100%
der
100%
Die
100%
die
100%
du
100%
Du
100%
ein
100%
eine
100%
einen
100%
Es
100%
ist
100%
Lache
100%
nicht
100%
sie
100%
und
100%
Und
100%
Weinen
100%
zu
100%
zum
100%
Zum
100%
andern
50%
auch
50%
auf
50%
Bist
50%
bist
50%
dein
50%
Dein
50%
deine
50%
dem
50%
Dich
50%
dich
50%
für
50%
gleicht
50%
Glück
50%
hast
50%
hat
50%
kann
50%
kein
50%
Kein
50%
keine
50%
Keine
50%
keinen
50%
Leben
50%
Liebe
50%
man
50%
nach
50%
noch
50%
nur
50%
oder
50%
ohne
50%
reicht
50%
schon
50%
sehr
50%
so
50%
Tag
50%
über
50%
viel
50%
von
50%
weit
50%
Welt
50%
wenn’s
50%
Zeit
50%
Abenteuer
0%
allen
0%
aller
0%
ausgewandert
0%
belegt
0%
bemüht
0%
benutzt
0%
bereits
0%
bescheiden
0%
bleibt
0%
Bord
0%
Bus
0%
Danke
0%
Docht
0%
eigene
0%
endlich
0%
Erfüllung
0%
erntest
0%
fällt
0%
falschen
0%
fehlt
0%
Flasche
0%
für's
0%
Gefahr
0%
Gefallen
0%
Geist
0%
geschlagen
0%
geschlossen
0%
gibt
0%
Gleichförmigkeit
0%
greife
0%
Haare
0%
Herz
0%
hoher
0%
im
0%
Im
0%
in
0%
innerlich
0%
Jammertal
0%
jedem
0%
jeden
0%
jedes
0%
Kapitän
0%
Kerze
0%
Klagemauer
0%
klemmt
0%
Kriechspur
0%
längst
0%
Leck
0%
Leerlauf
0%
Loch
0%
Löffel
0%
mehr
0%
Melancholie
0%
Mimose
0%
neben
0%
nennen
0%
Paradies
0%
Phantasie
0%
Planet
0%
Poesie
0%
quält
0%
Ratten
0%
Rose
0%
Schaltung
0%
Schiff
0%
Schleudertraum
0%
Schluckauf
0%
schlurfst
0%
See
0%
Sehnsucht
0%
seicht
0%
selbst
0%
Spielfeld
0%
ständig
0%
steckt
0%
Stehplatz
0%
Sternen
0%
Sternschnuppe
0%
Suppe
0%
Tausend
0%
Tritt
0%
tust
0%
unendlicher
0%
unerträglich
0%
vereist
0%
verlassen
0%
verlernen
0%
verschneit
0%
wirst
0%
Wünsche
0%
Keine übereinstimmenden Quizze gefunden
Verteilung der Resultate
Anzahl Personen mit jedem Resultat
Perzentil nach korrekt beantworteten Fragen
Ihre Resultats-Entwicklung
Sie haben dieses Quiz noch nicht gespielt